000 01253cam a2200313 a 4500
001 1508717
003 OSt
005 20230923160950.0
008 890821s1990 enka b 001 0 eng
010 _a 89022944
020 _a9780195684070
020 _a0198534299 :
_c$37.50 (U.S.)
020 _a0198534280 (pbk.) :
_c$17.95 (U.S.)
040 _aDLC
_cDLC
_dDLC
_dOCoLC
_dDLC
050 0 0 _aQA331.7
_b.P75 1990
082 0 0 _a515.9
_bPRI/I
100 1 _aPriestley, H. A.
_q(Hilary A.)
_99591
245 1 0 _aIntroduction to complex analysis /
_cH.A. Priestley.
260 _aOxford :
_bClarendon Press ;
_aNew York :
_bOxford University Press,
_c2023.
300 _a328 p. :
_bill. ;
_c24 cm.
440 0 _aOxford science publications
504 _aIncludes bibliographical references (p. [207]-208) and indexes.
650 0 _aFunctions of complex variables.
856 4 2 _3Publisher description
_uhttp://www.loc.gov/catdir/enhancements/fy0636/89022944-d.html
856 4 1 _3Table of contents only
_uhttp://www.loc.gov/catdir/enhancements/fy0636/89022944-t.html
906 _a7
_bcbc
_corignew
_d1
_eocip
_f19
_gy-gencatlg
942 _2ddc
_cBK
_h515.9
_iPRI/I
_k515.9
_mPRI/I
999 _c42307
_d42307